| 000 | 00737nam a2200205 a 4500 | ||
|---|---|---|---|
| 003 | 0 | ||
| 005 | 20250215092557.0 | ||
| 008 | 130828s19uu xx 00 eng d | ||
| 050 |
_aPGS GV 706.4 _b.F385 2013 |
||
| 100 | _aFerrer, Vanessa Carolina Sanoja. | ||
| 245 |
_aSports preference and self-esteem / _cVanessa Carolina Sanoja Ferrer. |
||
| 260 |
_aLas PiƱas City, Philippines : _bSouthville International School and Colleges, _c2013. |
||
| 300 |
_a34 pages : _billustrations ; _c28 cm. |
||
| 504 | _aIncludes bibliographical references. | ||
| 650 |
_aSports _vPsychological aspects. |
||
| 650 | _aSelf-esteem in children. | ||
| 650 | _aStudent self-perception and sports. | ||
| 650 | _aSports psychology. | ||
| 942 |
_2lcc _cPASS |
||
| 999 |
_c98989 _d98989 |
||